| 000 | 01377nam a2200337Ia 4500 | ||
|---|---|---|---|
| 001 | ebr10073648 | ||
| 003 | CaPaEBR | ||
| 006 | m u | ||
| 007 | cr cn||||||||| | ||
| 008 | 041104s2004 pau sb 001 0 eng d | ||
| 010 | _z 2004062251 | ||
| 020 | _z1588116123 | ||
| 020 | _z9027215626 (Netherlands) | ||
| 040 |
_aCaPaEBR _cCaPaEBR |
||
| 035 | _a(OCoLC)70773791 | ||
| 050 | 1 | 4 |
_aPC4131 _b.E33 2004eb |
| 082 | 0 | 4 |
_a465 _222 |
| 100 | 1 | _aEddington, David. | |
| 245 | 1 | 0 |
_aSpanish phonology and morphology _h[electronic resource] : _bexperimental and quantitative perspectives / _cDavid Eddington. |
| 260 |
_aPhiladelphia, PA : _bJohn Benjamins, _c2004. |
||
| 300 | _axv, 197 p. | ||
| 490 | 1 |
_aStudies in functional and structural linguistics, _x0165-7712 ; _vv. 53 |
|
| 504 | _aIncludes bibliographical references and index. | ||
| 533 |
_aElectronic reproduction. _bPalo Alto, Calif. : _cebrary, _d2011. _nAvailable via World Wide Web. _nAccess may be limited to ebrary affiliated libraries. |
||
| 650 | 0 |
_aSpanish language _xPhonology. |
|
| 650 | 0 |
_aSpanish language _xMorphology. |
|
| 655 | 7 |
_aElectronic books. _2local |
|
| 710 | 2 | _aebrary, Inc. | |
| 830 | 0 |
_aStudies in functional and structural linguistics ; _vv. 53. |
|
| 856 | 4 | 0 |
_uhttp://site.ebrary.com/lib/rucke/Doc?id=10073648 _zAn electronic book accessible through the World Wide Web; click to view |
| 999 |
_c45020 _d45020 |
||